书目信息 |
| 题名: |
电子测量原理
|
|
| 作者: | 郑家祥 , 陆玉新 编 | |
| 分册: | ||
| 出版信息: | 北京 国防工业出版社 1980 |
|
| 页数: | 442页 | |
| 开本: | 25cm | |
| 丛书名: | ||
| 单 册: | ||
| 中图分类: | TM93 , TM930.1 | |
| 科图分类: | ||
| 主题词: | 电子测量 , 电气测量 , 电工仪表 | |
| 电子资源: | ||
| ISBN: | ||
| 000 | 00740nam0 2200289 45 | |
| 001 | 0180006378 | |
| 005 | 20040521081547.5 | |
| 010 | @dCNY2.85 | |
| 091 | @a15034.1968 | |
| 100 | @a19950619d1980 em y0chiy0121 ea | |
| 101 | 0 | @achi |
| 102 | @aCN@b110000 | |
| 105 | @ay z 000yy | |
| 106 | @ar | |
| 200 | 10 | @a电子测量原理@Adian zi ce liang yuan li@f郑家祥,陆玉新编 |
| 210 | @a北京@c国防工业出版社@d1980 | |
| 215 | @a442页@d25cm | |
| 606 | @a电子测量 | |
| 606 | 0 | @a电气测量 |
| 606 | 0 | @a电工仪表 |
| 690 | @aTM93@v3 | |
| 690 | @aTM930.1 | |
| 701 | 0 | @a郑家祥@Azheng jia xiang@4编 |
| 701 | 0 | @a陆玉新@Alu yu xin@4编 |
| 801 | 0 | @aCN@b上海图书馆@c20040521 |
| 801 | 2 | @aCN@bNLC@c20040521 |
| 905 | @f1@b148110@dTM930.1@e42 | |
| 电子测量原理/郑家祥,陆玉新编.-北京:国防工业出版社,1980 |
| 442页;25cm |
| ISBN :CNY2.85 |
| ● |
| 相关链接 |
|
|
|
|
正题名:电子测量原理
索取号:TM930.1/42
 
预约/预借
| 序号 | 登录号 | 条形码 | 馆藏地/架位号 | 状态 | 备注 |
| 1 | 0148110 | 001347313 | 第三借阅区/ [索取号:TM930.1/42] | 在馆 | |
| 2 | 0148111 | 001347279 | 第二样本阅览室/ [索取号:TM930.1/42] | 在馆 |